90s/00s Rockstars #2 - Statistics

General Stats
  • This quiz has been taken 31 times
  • The average score is 5 of 12
Answer Stats
Picture Answer % Correct
Courtney Love
84%
Fred Durst
76%
Layne Staley
60%
Anthony Kiedis
52%
Damon Albarn
40%
Gerard Way
40%
Trent Reznor
40%
Deryck Whibley
36%
Dolores O'Riordan
36%
Mark Hoppus
24%
Black Francis
20%
Rivers Cuomo
16%
No matching quizzes found
Score Distribution
Percent of People with Each Score
Percentile by Number Answered
Your Score History
You have not taken this quiz